000 00749nam a22002657a 4500
001 BR0901885
003 BR-BrBNA
005 20230928102900.0
007 ta
008 230509b bl.||||| |||| 00| 0 por d
040 _aBR-BrBNA
_bpor
_cBiblioteca Nacional de Agricultura
041 _a(Por)
072 _aE50
090 _ E50 BR0901885
110 1 _aConfederação Nacional dos Trabalhadores na Agricultura, Brasília, DF (Brasil)
_92541
245 1 _aJuventude, organização e gestão sindical
250 1 _a2. ed.
260 3 _aBrasília, DF (Brasil):
_c2007.
300 _a62 p.
650 _aTRABALHADOR RURAL
650 _aSINDICATO RURAL
650 _aSOCIOLOGIA RURAL
909 _a202309
_bLucia
_c55
_dLucia Elande
942 _cBK
999 _c72831
_d72831